Japan 2022 FIFA World Cup Squad - Statistics

General Stats
  • This quiz has been taken 1,038 times
    988 since last reset
  • The average score is 11 of 27
Answer Stats
# Position Player % Correct
9 MF Kaoru Mitoma
65%
16 DF Takehiro Tomiyasu
62%
22 DF © Maya Yoshida
61%
6 MF Wataru Endo
60%
26 DF Hiroki Ito
57%
14 MF Junya Ito
57%
11 MF Takefusa Kubo
57%
10 MF Takumi Minamino
57%
8 MF Ritsu Dōan
55%
15 MF Daichi Kamada
51%
25 FW Daizen Maeda
47%
5 DF Yuto Nagatomo
46%
18 FW Takuma Asano
44%
1 GK Eiji Kawashima
42%
12 GK Shūichi Gonda
39%
17 MF Ao Tanaka
38%
19 DF Hiroki Sakai
38%
4 DF Ko Itakura
38%
13 MF Hidemasa Morita
34%
21 FW Ayase Ueda
29%
Manager Hajime Moriyasu
29%
23 GK Daniel Schmidt
28%
7 MF Gaku Shibasaki
24%
3 DF Shogo Taniguchi
21%
2 DF Miki Yamane
19%
24 MF Yuki Soma
19%
20 FW Shuto Machino
17%
No matching quizzes found
Score Distribution
Percent of People with Each Score
Percentile by Number Answered
Your Score History
You have not taken this quiz since the last reset